Applied finite mathematics / (Record no. 13882)

000 -LEADER
fixed length control field 00408cam a2200157 i 4500
020 ## - INTERNATIONAL STANDARD BOOK NUMBER
ISBN 0534004997
040 ## - CATALOGING SOURCE
Transcribing agency DLC
082 00 - DEWEY DECIMAL CLASSIFICATION NUMBER
Classification number 519 WAD 1977 A058 Or.
100 1# - MAIN ENTRY--AUTHOR NAME
Personal name Brown, Robert F.,
245 10 - TITLE STATEMENT
Title Applied finite mathematics /
260 ## - PUBLICATION, DISTRIBUTION, ETC. (IMPRINT)
Place of publication Belmont, Calif. :
Name of publisher Wadsworth Pub. Co.,
Year of publication c1977.
300 ## - PHYSICAL DESCRIPTION
Number of Pages x, 549 p. :
Other physical details ill. ;
Dimensions 24 cm.
650 #0 - SUBJECT ADDED ENTRY--TOPICAL TERM
Topical Term Mathematics.
700 1# - ADDED ENTRY--PERSONAL NAME
Personal name Brown, Brenda W.,
942 ## - ADDED ENTRY ELEMENTS (KOHA)
Koha item type សៀវភៅភាសាអង់គ្លេស
952 ## - LOCATION AND ITEM INFORMATION (KOHA)
Withdrawn status [LOCAL, KOHA] 0
Holdings
Permanent Location Date acquired Koha item type Lost status Shelving location Barcode Current Location Full call number
Library Block A2017-10-02សៀវភៅភាសាអង់គ្លេស A058A18186Library Block A519 WAD 1977 A058 Or.
មជ្ឈមណ្ឌលឯការនៃសាកលវិទ្យាល័យភូមិន្ទកសិកម្មចំការដូង

Powered by Koha